Wordperfect 6 for Windows : The pocket reference

Bibliographic Details
Main Author: Shepard, Patricia
Other Authors: Mathews, Carole Boggs
Format: Book
Published: USA : Osborne Mc Graw-Hill , 1994
Subjects:

MARC

LEADER 00000cam a2200000 7i4500
001 0000003132
005 20050503.0
020 |a 0078820031 
040 |a INS 
090 0 0 |a Z52.5   |b S5471 1994 
100 1 |a Shepard, Patricia 
245 1 0 |a Wordperfect 6 for Windows :   |b The pocket reference   |c Patricia Shepard 
260 |a USA :   |b Osborne Mc Graw-Hill ,   |c 1994 
300 |a 211p. ;   |c 20 cm. 
650 0 0 |a Computer Programs 
650 0 0 |a Wordperfect 6(Computer Program) 
700 1 |a Mathews, Carole Boggs 
999 |a 0000005431   |b BOOK   |c Open Shelf   |e Default branch